Pricing policies and procedures
Gespeichert in:
| 1. Verfasser: | |
|---|---|
| Weitere Verfasser: | |
| Format: | Buch |
| Sprache: | Englisch |
| Veröffentlicht: |
London
MACMILLAN
1995
|
| Schlagworte: | |
| Tags: |
Keine Tags, Fügen Sie das erste Tag hinzu!
|
MARC
| LEADER | 00000nam$a2200000$$$4500 | ||
|---|---|---|---|
| 001 | 0038162 | ||
| 005 | 20221205071734.3 | ||
| 020 | |a 0-333-61125-X | ||
| 041 | 0 | |a eng | |
| 044 | |a GB | ||
| 245 | 1 | 0 | |a Pricing |b policies and procedures |c Nessim Hanna and H. Robert Dodge |
| 264 | 1 | |a London |b MACMILLAN |c 1995 | |
| 300 | |a 216 s. | ||
| 610 | 2 | 0 | |a oceňovanie |
| 610 | 2 | 0 | |a rozhodovanie |
| 610 | 2 | 0 | |a ceny |
| 610 | 2 | 0 | |a marketing |
| 610 | 2 | 0 | |a spotrebitelia |
| 610 | 2 | 0 | |a kvalita |
| 610 | 2 | 0 | |a teórie ekonomické |
| 610 | 2 | 0 | |a náklady |
| 610 | 2 | 0 | |a dopyt |
| 610 | 2 | 0 | |a konkurencia |
| 610 | 2 | 0 | |a produkty |
| 610 | 2 | 0 | |a cykly obchodné |
| 610 | 2 | 0 | |a maloobchod |
| 610 | 2 | 0 | |a služby |
| 610 | 2 | 0 | |a inflácia |
| 610 | 2 | 0 | |a trh medzinárodný |
| 100 | 1 | |a Hanna, Nessim | |
| 700 | 1 | |a Dodge, H. Robert | |